Administración contemporánea
Furkejuvvon:
| Váldodahkki: | |
|---|---|
| Materiálatiipa: | Girji |
| Giella: | espánnjágiella |
| Almmustuhtton: |
Ciudad de México
McGraw Hill
2000
|
| Preanttus: | 2a. ed |
| Fáttát: | |
| Fáddágilkorat: |
Lasit fáddágilkoriid
Eai fáddágilkorat, Lasit vuosttaš fáddágilkora!
|
MARC
| LEADER | 00000nam a2200000 a 4500 | ||
|---|---|---|---|
| 001 | UCO7721 | ||
| 003 | CL-VaPUC | ||
| 008 | 001117e20000000MX |||||||||||||||||spa|d | ||
| 082 | 0 | 4 | |a 658 |b GAR |2 21 |
| 100 | |a Garza Treviño, Juan Gerardo |e author |9 499623 | ||
| 245 | 1 | 0 | |a Administración contemporánea |
| 250 | |a 2a. ed | ||
| 300 | |a 418 p | ||
| 942 | |c BK | ||
| 945 | |d 20001117 00:00:00 |a vberengu | ||
| 260 | |a Ciudad de México |b McGraw Hill |c 2000 | ||
| 650 | 0 | |a Administración de empresas |9 260833 | |
| 650 | 0 | |a Administración del personal |9 260442 | |
| 650 | 0 | |a Administración financiera |9 261146 | |
| 650 | 7 | |a COMERCIO INTERNACIONAL |2 CL-VaPUC |9 452415 | |
| 650 | 7 | |a MERCADOTECNIA |2 CL-VaPUC |9 347996 | |
| 650 | 0 | |a Organización |9 256369 | |
| 650 | 0 | |a Planificación y administración |9 335636 | |
| 650 | 0 | |a Responsabilidad social |9 339076 | |
| 583 | |a last modification |c 20001117 00:00:00 |k Rodrigo Vera | ||
| 999 | |c 292603 |d 292601 | ||
| 952 | |0 0 |1 0 |4 0 |6 658_000000000000000_GAR_2000 |7 0 |8 A |9 343576 |a BIBGIM |b BIBGIM |d 2019-11-20 |i 3666026 |l 1 |o 658 GAR 2000 |p 3666026 |r 2025-01-15 |s 2023-09-14 |w 2019-11-20 |y BK |k COM | ||
| 952 | |0 0 |1 0 |4 0 |6 658_000000000000000_GAR_2000 |7 0 |8 A |9 343577 |a BIBGIM |b BIBGIM |d 2019-11-20 |i 3666034 |l 1 |o 658 GAR 2000 |p 3666034 |r 2025-01-15 |s 2022-04-29 |w 2019-11-20 |y BK |k COM | ||
| 952 | |0 0 |1 0 |4 0 |6 658_000000000000000_GAR_2000 |7 0 |8 A |9 343578 |a BIBGIM |b BIBGIM |d 2019-11-20 |i 3666042 |o 658 GAR 2000 |p 3666042 |r 2025-01-15 |w 2019-11-20 |y BK |k COM | ||
| 952 | |0 0 |1 0 |4 0 |6 658_000000000000000_GAR_2000 |7 0 |8 A |9 343579 |a BIBGIM |b BIBGIM |d 2019-11-20 |i 3666050 |o 658 GAR 2000 |p 3666050 |r 2025-01-15 |w 2019-11-20 |y BK |k COM | ||